| 000 -LEADER |
| fixed length control field |
01393 a2200265 4500 |
| 003 - CONTROL NUMBER IDENTIFIER |
| control field |
Nust |
| 005 - DATE AND TIME OF LATEST TRANSACTION |
| control field |
20221125140650.0 |
| 010 ## - LIBRARY OF CONGRESS CONTROL NUMBER |
| LC control number |
93019436 |
| 020 ## - INTERNATIONAL STANDARD BOOK NUMBER |
| International Standard Book Number |
0471528501 |
| 040 ## - CATALOGING SOURCE |
| Transcribing agency |
Nust |
| 082 00 - DEWEY DECIMAL CLASSIFICATION NUMBER |
| Classification number |
621.38132,GAR |
| 100 1# - MAIN ENTRY--PERSONAL NAME |
| Personal name |
Gardiol, Fred E. |
| 9 (RLIN) |
103624 |
| 245 10 - TITLE STATEMENT |
| Title |
Microstrip circuits / |
| Statement of responsibility, etc. |
Fred Gardiol. |
| 260 ## - PUBLICATION, DISTRIBUTION, ETC. |
| Place of publication, distribution, etc. |
New York : |
| Name of publisher, distributor, etc. |
Wiley, |
| Date of publication, distribution, etc. |
c1994. |
| 300 ## - PHYSICAL DESCRIPTION |
| Extent |
xx, 300 p. : |
| Other physical details |
ill. ; |
| Dimensions |
25 cm. |
| 440 #0 - SERIES STATEMENT/ADDED ENTRY--TITLE |
| Title |
Wiley series in microwave and optical engineering |
| 9 (RLIN) |
55177 |
| 505 ## - FORMATTED CONTENTS NOTE |
| Formatted contents note |
Introduction (Page-1), Basic Electromagnetic (Page-15), Transmission Lines (Page-33), Device (Page-61), Discontinuities (Page-83), Couplers and Junctions (Page-91), Resonators and Filters (Page-123), Transistor Amplifiers and Oscillators (Page-135), Solid State Devices (Page-155), Mathematical Techniques (Page-173), Microstrip Antennas (Page-199), Computer Aided Design (Page-213), Fabrication Techniques (Page-233), Measurement Techniques (Page-249). |
| 650 #0 - SUBJECT ADDED ENTRY--TOPICAL TERM |
| Topical term or geographic name entry element |
Microwave circuits. |
| 650 #0 - SUBJECT ADDED ENTRY--TOPICAL TERM |
| Topical term or geographic name entry element |
Microwave integrated circuits. |
| 9 (RLIN) |
103625 |
| 650 #0 - SUBJECT ADDED ENTRY--TOPICAL TERM |
| Topical term or geographic name entry element |
Strip transmission lines. |
| 9 (RLIN) |
103626 |
| 856 42 - ELECTRONIC LOCATION AND ACCESS |
| Materials specified |
Contributor biographical information |
| Uniform Resource Identifier |
<a href="http://www.loc.gov/catdir/bios/wiley042/93019436.html">http://www.loc.gov/catdir/bios/wiley042/93019436.html</a> |
| 856 42 - ELECTRONIC LOCATION AND ACCESS |
| Materials specified |
Publisher description |
| Uniform Resource Identifier |
<a href="http://www.loc.gov/catdir/description/wiley033/93019436.html">http://www.loc.gov/catdir/description/wiley033/93019436.html</a> |
| 856 42 - ELECTRONIC LOCATION AND ACCESS |
| Materials specified |
Table of Contents |
| Uniform Resource Identifier |
<a href="http://www.loc.gov/catdir/toc/onix04/93019436.html">http://www.loc.gov/catdir/toc/onix04/93019436.html</a> |
| 942 ## - ADDED ENTRY ELEMENTS (KOHA) |
| Source of classification or shelving scheme |
|
| Koha item type |
Book |